Statistics for Största Stad i Varje Svensk Landskap

Click here to take the quiz!

General Stats

  • This quiz has been taken 312 times
  • The average score is 17 of 25

Answer Stats

LandskapBefolkningStad% Correct
Skåne317,245Malmö
95%
Västergötland600,473Göteborg
92%
Gotland24,693Visby
89%
Norrbotten44,208Luleå
86%
Uppland164,535Uppsala
86%
Västerbotten87,404Umeå
84%
Lappland16,835Kiruna
82%
Närke120,650Örebro
82%
Halland66,124Halmstad
80%
Småland93,797Jönköping
78%
Värmland64,214Karlstad
77%
Östergötland111,267Linköping
77%
Gästrikland68,700Gävle
75%
Blekinge37,277Karlskrona
74%
Jämtland51,132Östersund
71%
Dalarna42,947Borlänge
66%
Västmanland127,799Västerås
62%
Dalsland9,373Åmål
54%
Södermanland75,068Södertälje
48%
Bohuslän36,028Uddevalla
47%
Ångermanland33,436Örnsköldsvik
42%
Härjedalen2,535Sveg
40%
Öland5,966Färjestaden
34%
Häsingland16,317Hudiksvall
33%
Medelpad10,549Timrå
20%

Score Distribution

Percentile by Number Answered

Percent of People with Each Score

Your Score History

You have not taken this quiz